A history of the philosophy of law from the ancient Greeks to the scholastics
Uloženo v:
| Hlavní autoři: | , |
|---|---|
| Médium: | Kniha |
| Jazyk: | angličtina |
| Vydáno: |
Dordrecht
Springer
2007
|
| Edice: | A Treatise of Legal Philosophy and General Jurisprudence, 6
|
| Témata: | |
| Tagy: |
Přidat tag
Žádné tagy, Buďte první, kdo vytvoří štítek k tomuto záznamu!
|
MARC
| LEADER | 00000nam a2200000 a 4500 | ||
|---|---|---|---|
| 001 | UCG6664 | ||
| 003 | CL-VaPUC | ||
| 008 | 110509e20070000ne |||||||||||||||||eng|d | ||
| 020 | |a 9781402049507 | ||
| 082 | 0 | 4 | |a 340.1 |b MIL |2 21 |
| 100 | |a Miller, Fred D. |e autor |9 556989 | ||
| 700 | 0 | |a Biondi, Carrie Ann |e author |9 556990 | |
| 245 | 1 | 2 | |a A history of the philosophy of law from the ancient Greeks to the scholastics |
| 300 | |a 424 p | ||
| 942 | |c BK | ||
| 945 | |d 20110509 00:00:00 |a jcampos | ||
| 260 | |a Dordrecht |b Springer |c 2007 | ||
| 650 | 0 | |a Filosofía del derecho |9 255050 | |
| 650 | 0 | |a Filosofía antigua |9 255705 | |
| 650 | 7 | |a DERECHO ANTIGUO |2 CL-VaPUC |9 556991 | |
| 650 | 0 | |a Escolástica |9 345541 | |
| 583 | |a last modification |c 20171213 05:58:40 |k Rodrigo Vera | ||
| 490 | 0 | |a A Treatise of Legal Philosophy and General Jurisprudence, 6 | |
| 999 | |c 344816 |d 344814 | ||
| 952 | |0 0 |1 0 |4 0 |6 340_100000000000000_MIL_2007 |7 0 |8 DER_HIS |9 443043 |a BIBDER |b BIBDER |d 2019-11-22 |i 4774949 |o 340.1 MIL 2007 |p 4774949 |r 2023-01-25 |w 2019-11-22 |x Ubicación 4to Piso |y BK |z Estos recursos deben solicitarse con anticipación |k DER | ||